SOC 2010 (Record no. 608171)

MARC details
000 -LEADER
fixed length control field 00433nam a22001577a 4500
008 - FIXED-LENGTH DATA ELEMENTS--GENERAL INFORMATION
fixed length control field 260110b |||||||| |||| 00| 0 eng d
020 ## - INTERNATIONAL STANDARD BOOK NUMBER
ISBN 9780077449520
Paper back/Hardbound pbk
082 ## - DEWEY DECIMAL CLASSIFICATION NUMBER
Classification number 301
Item number WIT
100 ## - MAIN ENTRY--AUTHOR NAME
Personal name CUSTOM, SOC 101
245 ## - TITLE STATEMENT
Title SOC 2010
Sub Title Special Edition for Wor-Wic Community College
260 ## - PUBLICATION, DISTRIBUTION, ETC. (IMPRINT)
Place of publication America
Name of publisher McGraw-Hill Learning Solutions
Year of publication 2010
300 ## - PHYSICAL DESCRIPTION
Number of Pages 416
504 ## - BIBLIOGRAPHY, ETC. NOTE
Bibliography, etc Includes index
942 ## - ADDED ENTRY ELEMENTS (KOHA)
Koha item type English Books
Holdings
Withdrawn status Lost status Damaged status Not for loan Home library Current library Shelving location Date acquired Full call number Accession Number Price effective from Koha item type
        Anna Centenary Library Anna Centenary Library 3RD FLOOR, B WING 04.01.2011 301 WIT 487805 10.01.2026 English Books

Find us on the map